00689nam a2200193 a 450000100100000000500170001000800410002702000180006804000250008604000130011108200150012410000360013924501470017525000110032226000420033330000210037550000690039650400300046500002629920230519124858.0110310s2008 dr 000 0 spa d a9789945865165 aDO-SdBNPbspacBNPHU aDO-SdBNP axxxbR457p1 aReyes Meléndez, María Elena10aForo de mujeres por la reforma constitucional :bpropuesta Reforma Constitucional en República Dominicana /cMaría Elena Reyes Meléndez. a2a ed. aSanto Domingo :bYan Impresos,c2008. a112 p. ;c22 cm. aIncluye referencias bibliográficas y notas al pie de páginas aBibliografías p. 96-104